Best Selling Lady Gaga Songs - Statistics

General Stats
  • This quiz has been taken 401 times
  • The average score is 8 of 10
Answer Stats
# Song % Correct
1 Poker Face
96%
2 Bad Romance
95%
3 Just Dance (Feat Colby O'Donis)
90%
5 Born This Way
87%
7 Paparazzi
82%
4 Telephone (Feat Beyonce)
80%
9 Judas
77%
8 Alejandro
76%
10 Applause
71%
6 The Edge Of Glory
64%
No matching quizzes found
Score Distribution
Percent of People with Each Score
Percentile by Number Answered
Your Score History
You have not taken this quiz